| 000 | 00671nam a2200229 a 4500 | ||
|---|---|---|---|
| 005 | 20220912111512.0 | ||
| 008 | 160602s2015 mx r 000 0 spa d | ||
| 020 | _a9786074954616 | ||
| 035 | _aUPN01000211058 | ||
| 049 | _aCG | ||
| 050 | 4 |
_aZ994 M6 _bE3.5a 2015 |
|
| 100 | 1 |
_aCarreño Velázquez, Elvia _932707 |
|
| 245 | 1 | 0 |
_aMarcas de propiedad en los libros novohispanos / _cElvia Carreño Velázquez ; |
| 250 | _a2a ed. | ||
| 260 |
_aMéxico : _bFOEM, _c2015. |
||
| 300 |
_a140 p. : _bil. |
||
| 440 | 0 | _aFundiciones | |
| 650 | 4 |
_aLIBROS - _xMARCAS DE PROPIEDAD _98137 |
|
| 650 | 7 |
_aLibros _zMéxico _xHistoria _2 _916256 |
|
| 905 | _aLibro | ||
| 999 |
_c183159 _d183159 |
||